Normal view
MARC view
Entry Personal Name
001 - CONTROL NUMBER
- control field: 157181
003 - CONTROL NUMBER IDENTIFIER
- control field: OSt
005 - DATE AND TIME OF LATEST TRANSACTION
- control field: 20220923211021.0
008 - FIXED-LENGTH DATA ELEMENTS
- fixed length control field: 220923|| aca||aabn | a|a d
040 ## - CATALOGING SOURCE
- Original cataloging agency: OSt
- Transcribing agency: OSt
100 ## - HEADING--PERSONAL NAME
- Personal name: घोरपड़े, पद्मजा
670 ## - SOURCE DATA FOUND
- Source citation: Work cat.: (OSt)293975: घोरपड़े, पद्मजा, स्वातं×योत्तर हिंदी कविता में प्रणय - चित्रण, 1998
